Образы аграрной России IX-XVIII вв. (Запись № 4558429)
[ простой вид ]
| 000 -МАРКЕР | |
|---|---|
| контрольное поле | 02115nam0a2200385 4500 |
| 001 - ИДЕНТИФИКАТОР ЗАПИСИ | |
| контрольное поле | RU\NLR\bibl\2045573 |
| 005 - ИДЕНТИФИКАТОР ВЕРСИИ | |
| контрольное поле | 20260407083950.0 |
| 010 ## - МЕЖДУНАРОДНЫЙ СТАНДАРТНЫЙ НОМЕР КНИГИ (ISBN) | |
| Номер (ISBN) | 978-5-91674-248-0 |
| Тираж | 500 |
| 021 ## - НОМЕР ГОСУДАРСТВЕННОЙ РЕГИСТРАЦИИ | |
| Код страны | российская федерация |
| Номер | 2013-41902 |
| Номер Листа государственной регистраци | 2897 |
| 035 ## - ДРУГИЕ СИСТЕМНЫЕ НОМЕРА | |
| Идентификатор записи | (NLR Aleph) 002032749 |
| 035 ## - ДРУГИЕ СИСТЕМНЫЕ НОМЕРА | |
| Идентификатор записи | (nilc)RuMoRGB-006586785 |
| 100 ## - ДАННЫЕ ОБЩЕЙ ОБРАБОТКИ | |
| Данные общей обработки | 20130527d2013 |||y0rusy50 ca |
| 101 0# - ЯЗЫК РЕСУРСА | |
| Язык текста, звукозаписи и т.д. | русский |
| 102 ## - СТРАНА ПУБЛИКАЦИИ ИЛИ ПРОИЗВОДСТВА | |
| Страна публикации | российская федерация |
| 105 ## - ПОЛЕ КОДИРОВАННЫХ ДАННЫХ: ТЕКСТОВЫЕ МАТЕРИАЛЫ, МОНОГРАФИЧЕСКИЕ | |
| Кодированные данные о монографическом текстовом документе | a zzzz||||| |
| 200 1# - ЗАГЛАВИЕ И СВЕДЕНИЯ ОБ ОТВЕТСТВЕННОСТИ | |
| Основное заглавие | Образы аграрной России IX-XVIII вв. |
| Сведения, относящиеся к заглавию | памяти Натальи Александровны Горской |
| -- | [сборник статей] |
| Первые сведения об ответственности | Российская акад. наук, Отд-ние ист.-филологических наук, Науч. совет по проблемам аграрной истории Восточной Европы, Ин-т славяноведения, Ин-т российской истории |
| Последующие сведения об ответственности | [редкол.: Е. Н. Швейковская (отв. ред.) и др.] |
| 210 ## - ПУБЛИКАЦИЯ, РАСПРОСТРАНЕНИЕ И ДР. | |
| Место издания, распространения и т.д. | Москва |
| Имя издателя, распространителя и т. д. | ИНДРИК |
| Дата издания, распространения и т.д. | 2013 |
| 215 ## - ФИЗИЧЕСКАЯ ХАРАКТЕРИСТИКА | |
| Специфическое обозначение материала и объем | 255 с., [8] л. ил., портр. |
| Другие сведения о физической характеристике | портр., табл. |
| Размеры | 22 |
| 320 ## - ПРИМЕЧАНИЯ О НАЛИЧИИ В ДОКУМЕНТЕ БИБЛИОГРАФИИ / УКАЗАТЕЛЯ | |
| Текст примечания | Библиогр. в подстроч. примеч. |
| 600 #1 - ИМЯ ЛИЦА КАК ПРЕДМЕТ | |
| Начальный элемент ввода | Горская |
| Часть имени, кроме начального элемента ввода | Н.А. |
| Даты | 1930 - 2004 |
| Расширение инициалов личного имени | Наталья Александровна |
| Системный номер авторитетной/нормативной записи | 2152214 |
| Идентификатор авторитетной/нормативной записи | RU\NLR\auth\661600741 |
| 607 ## - ГЕОГРАФИЧЕСКОЕ НАИМЕНОВАНИЕ КАК ПРЕДМЕТ | |
| Географическое наименование | Россия |
| Формальный подзаголовок | Сборники |
| Тематический подзаголовок | История |
| Системный номер авторитетной/нормативной записи | 1554184 |
| Идентификатор авторитетной/нормативной записи | RU\NLR\auth\66979780 |
| 686 ## - ИНДЕКСЫ ДРУГИХ КЛАССИФИКАЦИЙ | |
| Индекс | Т1(2)71-8 |
| 686 ## - ИНДЕКСЫ ДРУГИХ КЛАССИФИКАЦИЙ | |
| Индекс | Т3(2)я43 |
| 702 #1 - ИМЯ ЛИЦА - ВТОРИЧНАЯ ОТВЕТСТВЕННОСТЬ | |
| Код отношения | Редактор |
| Материалы, к которым относится поле | rus |
| Графика поля | Кириллица |
| Начальный элемент ввода | Швейковская |
| Часть имени, кроме начального элемента ввода | Е.Н. |
| Даты | 1941- |
| Расширение инициалов личного имени | Елена Николаевна |
| Идентификатор авторитетной/нормативной записи | RU\NLR\auth\7723431 |
| Системный номер авторитетной/нормативной записи | 6484 |
| 702 #1 - ИМЯ ЛИЦА - ВТОРИЧНАЯ ОТВЕТСТВЕННОСТЬ | |
| Код отношения | Прочие |
| Материалы, к которым относится поле | rus |
| Графика поля | Кириллица |
| Начальный элемент ввода | Горская |
| Часть имени, кроме начального элемента ввода | Н. А. |
| Даты | 1930-2004 |
| Расширение инициалов личного имени | Наталья Александровна |
| Идентификатор авторитетной/нормативной записи | RU\NLR\auth\7717158 |
| Системный номер авторитетной/нормативной записи | 248 |
| 712 02 - НАИМЕНОВАНИЕ ОРГАНИЗАЦИИ - ВТОРИЧНАЯ ОТВЕТСТВЕННОСТЬ | |
| Код отношения | Прочие |
| Начальный элемент ввода | Российская академия наук |
| Структурное подразделение | Отделение историко-филологических наук |
| Идентификатор авторитетной/нормативной записи | RU\NLR\AUTH\8810044917 |
| Системный номер авторитетной/нормативной записи | 589261 |
| 801 #0 - ИСТОЧНИК ЗАПИСИ | |
| Страна | российская федерация |
| Организация | RuMoRKP |
| Дата составления | 20130527 |
| Правила каталогизации | RCR |
| 801 #2 - ИСТОЧНИК ЗАПИСИ | |
| Страна | российская федерация |
| Организация | РГБ |
| Дата составления | 20130614 |
| Правила каталогизации | rcr |
| 801 #1 - ИСТОЧНИК ЗАПИСИ | |
| Страна | российская федерация |
| Организация | RuMoRKP |
| Дата составления | 20130527 |
| Источник данных | rusmarc |
| 801 #2 - ИСТОЧНИК ЗАПИСИ | |
| Страна | российская федерация |
| Организация | NLR |
| Дата составления | 20130620 |
| Правила каталогизации | rcr |
| 942 ## - ДОПОЛНИТЕЛЬНЫЕ ЭЛЕМЕНТЫ ЗАПИСИ (АБИС) | |
| Тип экземпляра АБИС | Книга |
| 980 ## - КОЛЛЕКЦИЯ | |
| Название коллекции | НБР |
| 980 ## - КОЛЛЕКЦИЯ | |
| Название коллекции | Национальная библиография |
Нет доступных экземпляров.